Antología del humorismo mundial (Record no. 10335)

MARC details
000 -LEADER
campo de control de longitud fija 00781nam a2200229 i 4500
001 - NÚMERO DE CONTROL
campo de control 10335
003 - IDENTIFICADOR DE NÚMERO DE CONTROL
campo de control ES-MaACL
005 - FECHA Y HORA DE LA ÚLTIMA TRANSACCIÓN
campo de control 20250822095128.0
007 - CAMPO FIJO DE DESCRIPCIÓN FÍSICA--INFORMACIÓN GENERAL
campo de control de longitud fija t|
008 - DATOS DE LONGITUD FIJA--INFORMACIÓN GENERAL
campo de control de longitud fija 950508s1994 sp a |||| | spa d
020 ## - NÚMERO INTERNACIONAL ESTÁNDAR DEL LIBRO
Número Internacional Estándar del Libro 84-89170-00-2
080 ## - NÚMERO DE LA CLASIFICACIÓN DECIMAL UNIVERSAL
Número de la Clasificación Decimal Universal 8-7(082.2)
245 00 - MENCIÓN DEL TÍTULO
Título Antología del humorismo mundial
Resto del título : 1994-1995.
260 ## - PUBLICACIÓN, DISTRIBUCIÓN, ETC.
Lugar de publicación, distribución, etc. Pozuelo de Alarcón, Madrid :
Nombre del editor, distribuidor, etc. Academia de Humor del Patronato de Cultura de Pozuelo de Alarcón,
Fecha de publicación, distribución, etc. D.L. 1994.
300 ## - DESCRIPCIÓN FÍSICA
Extensión 63 p. :
Otras características físicas il. ;
Dimensiones 18 cm.
490 1# - MENCIÓN DE SERIE
Mención de serie Biblioteca de la golondriz ;
Designación de volumen o secuencia 1
650 07 - PUNTO DE ACCESO ADICIONAL DE MATERIA--TÉRMINO DE MATERIA
Término de materia o nombre geográfico como elemento de entrada Humorismo
Fuente del encabezamiento o término embne
9 (RLIN) 13509
710 2# - ENTRADA AGREGADA--NOMBRE DE ENTIDAD CORPORATIVA
Nombre de entidad corporativa o nombre de jurisdicción como elemento de entrada Academia de Humor del Patronato de Cultura de Pozuelo de Alarcón.
9 (RLIN) 1181
830 0# - PUNTO DE ACCESO ADICIONAL DE SERIE-TÍTULO UNIFORME
Título uniforme Biblioteca de la golondriz ;
Designación de volumen o secuencia 1
9 (RLIN) 178670
852 ## - LOCALIZACIÓN
Ubicación ES-MaACL
Número de control de estantería L-17735
Holdings
Estatus retirado Estado de pérdida Estado de daño No para préstamo Biblioteca de origen Biblioteca actual Ubicación en estantería Fecha de adquisición Fuente de adquisición Total de préstamos Signatura topográfica completa Código de barras Visto por última vez Precio de reemplazo Tipo de ítem Koha
        Biblioteca del Ateneo de Madrid Biblioteca del Ateneo de Madrid Depósito 2 17/01/2008     L-17735 1010545 23/02/2023 23/02/2023 Libro impreso